Top 50 NBA Scorers All-Time (Regular Szn) - Statistics

General Stats
  • This quiz has been taken 30 times
  • The average score is 36 of 50
Answer Stats
PTS MAIN TEAM NAME % Correct
43440 Lakers LeBron James
100%
32292 Bulls Michael Jordan
96%
38387 Lakers Kareem Abdul-Jabbar
92%
26528 Warriors Stephen Curry
92%
31419 Warriors Wilt Chamberlain
92%
29339 Rockets James Harden
88%
25192 Lakers Jerry West
88%
36928 Jazz Karl Malone
88%
32597 Thunder Kevin Durant
88%
21791 Celtics Larry Bird
88%
27409 76ers Moses Malone
88%
28596 Lakers Shaquille O'Neal
88%
22195 Trailblazers Clyde Drexler
85%
20790 Spurs David Robinson
85%
31560 Mavericks Dirk Nowitzki
85%
26946 Rockets Hakeem Olajuwon
85%
33643 Lakers Kobe Bryant
85%
28289 Nuggets Carmelo Anthony
81%
23757 Suns Charles Barkley
81%
26397 Celtics Paul Pierce
81%
27176 Thunder Russell Westbrook
81%
26496 Spurs Tim Duncan
81%
24368 76ers Allen Iverson
77%
21813 Supersonics Gary Payton
77%
21531 Bucks Giannis Antetokounmpo
77%
26071 Timberwolves Kevin Garnett
77%
23165 Heat Dwyane Wade
73%
26710 Royals Oscar Robertson
73%
20880 Hawks Bob Pettit
69%
23058 Hornets Chris Paul
69%
22598 Trailblazers Damian Lillard
69%
26711 Bulls DeMar Derozan
69%
23149 Lakers Elgin Baylor
69%
26395 Celtics John Havlicek
69%
24505 Bucks Ray Allen
69%
25279 Pacers Reggie Miller
69%
25728 Raptors Vince Carter
69%
26668 Hawks Dominique Wilkins
65%
20708 Spurs George Gervin
65%
27313 Bullets Elvin Hayes
62%
20407 Hawks Joe Johnson
62%
25613 Nuggets Alex English
58%
24815 Knicks Patrick Ewing
58%
23177 Jazz Adrian Dantley
50%
23334 Celtics Robert Parish
50%
21586 76ers Hal Greer
42%
20894 Lakers Pau Gasol
38%
20558 Spurs LaMarcus Aldridge
23%
20497 Kings Mitch Richmond
23%
20941 Hawks Walt Bellamy
12%
No matching quizzes found
Score Distribution
Percent of People with Each Score
Percentile by Number Answered
Your Score History
You have not taken this quiz